[Event "2nd MAIG Team Standard"]
[Site "Macau CHN"]
[Date "2007.10.29"]
[Round "4"]
[White "Lomibao,S"]
[Black "Batzaya,Y"]
[Result "1-0"]
[WhiteElo "2186"]
[BlackElo "2038"]

1.e4 e6 2.d4 d5 3.Nc3 Nf6 4.e5 Nfd7 5.f4 c5 6.Nf3 Nc6 7.Be3 Qb6 8.Na4 Qa5+
9.c3 cxd4 10.b4 Qc7 11.Nxd4 a6 12.Bd3 b5 13.Nb2 Ncxe5 14.O-O Nxd3 15.Qxd3 Bd6
16.a4 bxa4 17.Rxa4 Bb7 18.Raa1 O-O 19.b5 Nc5 20.Qe2 a5 21.Na4 Ne4 22.Rac1 Rac8
23.Nb3 Qc4 24.Qxc4 Rxc4 25.Nb2 Rxc3 26.Rxc3 Nxc3 27.Nxa5 Rb8 28.Ba7 Ra8 29.Nxb7 Ba3
30.b6 Nb5 31.Nd3 Nxa7 32.bxa7 Rxa7 33.Rb1 g6 34.Kf2 Ra4 35.Kf3 Be7 36.Nbc5 Rc4
37.Nd7 Rc3 38.Ke2 Rc2+ 39.Kf1 Rc7 40.N7e5 f6 41.Nf3 Bd6 42.Nd4 Re7 43.Rb6 Rd7
44.Nxe6 Kf7 45.Nec5 Bxc5 46.Nxc5 Rc7 47.Rb7 Rxb7 48.Nxb7 Ke6 49.Ke2 Kf5 50.Kf3 h5
51.Nd6+ Ke6 52.Nb5 g5 53.Nd4+ Kd6 54.Kg3 Kc5 55.fxg5 fxg5 56.Ne6+ Kd6 57.Nxg5 Ke5
58.h3 Kf5 59.Kh4 Kg6 60.Nf3 Kh6 61.Kg3 Kg6 62.Kf4 Kf6 63.Nd4 Kg6 64.h4 Kf6
65.g3 Kg6  1-0

[Event "22nd GP Open A"]
[Site "Le Touquet FRA"]
[Date "2007.10.31"]
[Round "6"]
[White "De la Forest,L"]
[Black "Pytel,B"]
[Result "1-0"]
[WhiteElo "1861"]
[BlackElo "2032"]

1.e4 e6 2.d4 d5 3.Nc3 Nf6 4.e5 Nfd7 5.f4 c5 6.Nf3 Nc6 7.Ne2 cxd4 8.Nexd4 Nxd4
9.Nxd4 Bc5 10.Be3 Qb6 11.Rb1 O-O 12.Bd3 g6 13.c3 a5 14.h4 f6 15.h5 fxe5 16.hxg6 exd4
17.Qh5 Nf6 18.Qg5 dxe3 19.g7 Rf7 20.Bxh7+ Nxh7 21.Rxh7 Rf6 22.Rh8+ Kf7 23.g8=Q+ Ke7
24.Qe8+ Kd6 25.Qe5+  1-0

[Event "KNSB TCh-NED 2007-8"]
[Site "Netherlands NED"]
[Date "2007.11.03"]
[Round "3"]
[White "Van Wissen,M"]
[Black "Fiebig,T"]
[Result "0-1"]
[WhiteElo "2310"]
[BlackElo "2375"]

1.e4 e6 2.d4 d5 3.Nc3 Nf6 4.e5 Nfd7 5.f4 c5 6.Nf3 Nc6 7.Be3 Rb8 8.Qd2 Qa5
9.Be2 b5 10.O-O b4 11.Nd1 cxd4 12.Nxd4 Nxd4 13.Bxd4 Bc5 14.Ne3 Ba6 15.Bxa6 Qxa6
16.f5 Qb6 17.Bxc5 Qxc5 18.fxe6 fxe6 19.Kh1 Rf8 20.Qe2 Ke7 21.Qg4 Rxf1+ 22.Nxf1 Kf7
23.Ng3 Qe7 24.Nh5 Kg8 25.Re1 Nf8 26.Nf4 Rb6 27.h4 Rc6 28.Re2 Rc4 29.g3 Qf7
30.Kh2 Ng6 31.Qxe6 Rxf4 32.Qc8+ Qf8 33.Qe6+ Rf7 34.h5 Qe7 35.Qxd5 Nf8 36.e6 Rf6  0-1

[Event "Elwood Open"]
[Site "Melbourne AUS"]
[Date "2007.11.04"]
[Round "5"]
[White "Wallis,C"]
[Black "Antic,De"]
[Result "0-1"]
[WhiteElo "2257"]
[BlackElo "2476"]

1.e4 e6 2.d4 d5 3.Nc3 Nf6 4.e5 Nfd7 5.f4 c5 6.Nf3 Nc6 7.Be3 Be7 8.Qd2 a6
9.dxc5 Bxc5 10.Bxc5 Nxc5 11.Bd3 b5 12.O-O O-O 13.Qf2 Nxd3 14.cxd3 Bd7 15.Ne2 b4
16.Rac1 Ne7 17.Ned4 Ng6 18.g3 Bb5 19.Nxb5 axb5 20.b3 Qa5 21.Rc2 Rfc8 22.Rfc1 Rc3
23.Nd4 Rac8 24.Kf1 Ne7 25.Qd2 Qb6 26.Ne2 d4 27.Nxc3 bxc3 28.Kg1 h6 29.Qf2 Nd5
30.Re2 Nb4 31.Qf3 Qc6 32.Qxc6 Rxc6 33.Rd1 Ra6 34.a4 bxa4 35.bxa4 Rxa4 36.Re4 Ra2
37.Rxd4 Rd2 38.Rc1 Na2 39.Re1 c2 40.Rc4 Nb4 41.Kf1 Nxd3 42.Rc8+ Kh7 43.Rd8 Nxe1  0-1

[Event "Open"]
[Site "Liberec CZE"]
[Date "2007.11.13"]
[Round "4"]
[White "Dadello,A"]
[Black "Simon,Petr"]
[Result "1/2-1/2"]
[WhiteElo "1785"]
[BlackElo "1915"]

1.e4 e6 2.d4 d5 3.Nc3 Nf6 4.e5 Nfd7 5.f4 c5 6.dxc5 Bxc5 7.Nf3 Nc6 8.Bd3 f6
9.exf6 Nxf6 10.Ne5 O-O 11.Nxc6 bxc6 12.Qe2 e5 13.h3 exf4 14.Kd1 Ne4 15.Nxe4 dxe4
16.Qxe4 Bf5 17.Qc4+ Qd5 18.Qxd5+ cxd5 19.Bxf5 Rxf5 20.Re1 Kf7 21.c3 g5 22.Kc2 h5  1/2-1/2

[Event "WYg18"]
[Site "Kemer TUR"]
[Date "2007.11.19"]
[Round "2"]
[White "Fuchs,Ju"]
[Black "Nodirjanova,N"]
[Result "1/2-1/2"]
[WhiteElo "2140"]
[BlackElo "2104"]

1.e4 e6 2.d4 d5 3.Nc3 Nf6 4.e5 Nfd7 5.f4 c5 6.Nf3 Nc6 7.Be3 a6 8.Qd2 b5 9.Be2 b4
10.Nd1 Qb6 11.O-O cxd4 12.Nxd4 Bc5 13.Nxc6 Qxc6 14.Kh1 O-O 15.Bxc5 Qxc5 16.a3 bxa3
17.Rxa3 Bb7 18.Rh3 Qe7 19.Bd3 f5 20.exf6 Nxf6 21.Qe2 Rac8 22.Ne3 Ne4 23.Bxa6 Bxa6
24.Qxa6 Nd2 25.Rd1 Ne4 26.Rf3 Ra8  1/2-1/2

[Event "WYb18"]
[Site "Kemer TUR"]
[Date "2007.11.19"]
[Round "2"]
[White "Sai,Sr"]
[Black "Grigoryan,Av"]
[Result "0-1"]
[WhiteElo "2302"]
[BlackElo "2489"]

1.e4 e6 2.d4 d5 3.Nc3 Nf6 4.e5 Nfd7 5.f4 c5 6.Nf3 Qb6 7.Na4 Qc6 8.c3 c4 9.b4 a5
10.bxa5 Rxa5 11.Nb2 b5 12.Bd2 Ra3 13.Qb1 Nb6 14.Nd1 b4 15.Bc1 Ra4 16.Kf2 Qa8
17.Bb2 Nc6 18.Be2 Bd7 19.Re1 Be7 20.cxb4 Nxb4 21.Nc3 Ra5 22.Bc1 O-O 23.Ng5 g6
24.Qb2 Na4 25.Nxa4 Rxa4 26.Bd2 Rb8 27.Qc3 Ra3 28.Qc1 Nxa2 29.Qc2 c3 30.Bc1 Nxc1
31.Raxc1 Rb2 32.Qd3  0-1

[Event "WYg18"]
[Site "Kemer TUR"]
[Date "2007.11.20"]
[Round "3"]
[White "Umudova,N"]
[Black "Batzaya,Y"]
[Result "1-0"]
[WhiteElo "2183"]
[BlackElo "2038"]

1.e4 e6 2.d4 d5 3.Nc3 Nf6 4.e5 Nfd7 5.f4 c5 6.Nf3 Nc6 7.Be3 Qb6 8.Qd2 a6
9.O-O-O c4 10.f5 Qa5 11.fxe6 fxe6 12.Ng5 Nd8 13.Qe1 Bb4 14.Bd2 O-O 15.Be2 h6
16.Nh3 Nc6 17.Qh4 Ne7 18.Bg4 Nb6 19.Rdf1 Na4 20.a3 Nxc3 21.Bxc3 Bxc3 22.Qxe7 Bd2+
23.Kb1 Qd8 24.Rxf8+ Qxf8 25.Bxe6+ Bxe6 26.Qxe6+ Qf7 27.Qxf7+ Kxf7 28.c3 h5
29.Rf1+ Ke6 30.Kc2 Bh6 31.Ng1 Re8 32.Ne2 Rh8 33.h4 Ke7 34.Ng3 a5 35.Nf5+ Ke6
36.Nxh6 Rxh6  1-0

[Event "WYb18"]
[Site "Kemer TUR"]
[Date "2007.11.21"]
[Round "4"]
[White "Sai,Sr"]
[Black "Catelli,H"]
[Result "1-0"]
[WhiteElo "2302"]
[BlackElo "2168"]

1.e4 e6 2.d4 d5 3.Nc3 Nf6 4.e5 Nfd7 5.f4 c5 6.Nf3 Nc6 7.Be3 cxd4 8.Nxd4 Bc5
9.Qd2 Nxd4 10.Bxd4 Bxd4 11.Qxd4 Qb6 12.Qd2 Nc5 13.O-O-O Bd7 14.Qd4 a6 15.h4 O-O-O
16.Rh3 Kb8 17.Rf3 g6 18.h5 Rc8 19.Rh3 Qa5 20.b4 Qa3+ 21.Kd2 b6 22.bxc5 bxc5
23.Rb1+ Ka8 24.Nxd5  1-0

[Event "WYg18"]
[Site "Kemer TUR"]
[Date "2007.11.24"]
[Round "7"]
[White "Gosciniak,M"]
[Black "Jule,A"]
[Result "1-0"]
[WhiteElo "2026"]
[BlackElo "1896"]

1.e4 e6 2.d4 d5 3.Nc3 Nf6 4.e5 Nfd7 5.f4 c5 6.Nf3 Nc6 7.Be3 Qb6 8.Na4 Qa5+
9.c3 b6 10.Bd2 c4 11.b4 Qa6 12.g3 b5 13.Nc5 Qa3 14.Qc2 Nxb4 15.cxb4 Qxf3
16.Rg1 Qh5 17.h3 Qg6 18.Qb2 Nb6 19.Be2 Bd7 20.Bd1 f5 21.Nxd7 Kxd7 22.a4 a6
23.axb5 axb5 24.Ra5 Kc6 25.Kf2 Be7 26.Bc2 Qe8 27.Rga1 Qd7 28.R1a2 Rhb8 29.Qa1 Qc7
30.Bd1 Bd8 31.h4 Rxa5 32.bxa5 Na8 33.Bb4 Kd7 34.Qc3 Be7 35.a6 Qc6 36.a7 Rb7
37.Qa3 Bxb4 38.Qxb4 Ke8 39.Ra5 Qb6 40.Rxb5 Qxd4+ 41.Kg2 Rxa7 42.Rb8+ Kf7
43.Ba4  1-0

[Event "KNSB TCh-NED 2007-8"]
[Site "Netherlands NED"]
[Date "2007.11.24"]
[Round "4"]
[White "Van Opheusden,B"]
[Black "Groffen,H"]
[Result "1/2-1/2"]
[WhiteElo "2149"]
[BlackElo "2152"]

1.e4 e6 2.d4 d5 3.Nc3 Nf6 4.e5 Nfd7 5.f4 c5 6.Nf3 Nc6 7.Be3 Qb6 8.Na4 Qa5+
9.c3 c4 10.b4 Qc7 11.Nb2 b5 12.Be2 a5 13.a3 Be7 14.O-O f5 15.exf6 Nxf6 16.Ne5 Ne4
17.Qc2 axb4 18.axb4 Rxa1 19.Rxa1 O-O 20.Nd1 Bd7 21.Nf2 Nxf2 22.Bxf2 Bd6 23.Bg3 Ne7
24.Bg4 Nf5 25.Qe2 Rf6 26.Ra8+ Rf8 27.Qa2 Bxe5 28.fxe5 Nxg3 29.hxg3 Rxa8 30.Qxa8+ Qc8
31.Qxc8+  1/2-1/2

[Event "WYb14"]
[Site "Kemer TUR"]
[Date "2007.11.25"]
[Round "8"]
[White "Vijayakumar,Re"]
[Black "Nakar,Ey"]
[Result "0-1"]
[WhiteElo "1879"]
[BlackElo "2154"]

1.e4 e6 2.d4 d5 3.Nc3 Nf6 4.e5 Nfd7 5.Nf3 c5 6.dxc5 Nc6 7.Bf4 Nxc5 8.Bd3 Be7
9.h4 a6 10.a3 Bd7 11.h5 h6 12.Ne2 Qb6 13.Rb1 a5 14.Ned4 Nxd4 15.Nxd4 Nxd3+
16.Qxd3 Rc8 17.O-O O-O 18.Be3 Qc7 19.f4 Qc4 20.Rfc1 b5 21.Qd2 b4 22.axb4 axb4
23.g4 Qc7 24.Qd3 Qc4 25.Qd2 f6 26.b3 Qc3 27.Nf3 Qxd2 28.Bxd2 Bc5+ 29.Kg2 d4
30.Re1 Kf7 31.Rbd1 Bc6 32.Kg3 Rfd8 33.g5 f5 34.Bc1 Be4 35.Rd2 Bb6 36.g6+ Ke7
37.Bb2 Rxc2 38.Rxc2 Bxc2 39.Ra1 d3 40.Bc1 Bxb3 41.Bd2 Kd7 42.Bxb4 Kc6 43.Nd2 Bc2
44.Ba5 Ra8 45.Bc3 Rxa1 46.Bxa1 Ba5 47.Nf3 d2 48.Nxd2 Bxd2 49.Bb2 Bb4  0-1

[Event "WYg16"]
[Site "Kemer TUR"]
[Date "2007.11.26"]
[Round "9"]
[White "Forgues,V"]
[Black "Dincel,M"]
[Result "1/2-1/2"]
[WhiteElo "1963"]
[BlackElo "1812"]

1.e4 e6 2.d4 d5 3.Nc3 Nf6 4.e5 Nfd7 5.f4 c5 6.Nf3 Nc6 7.Be3 cxd4 8.Nxd4 Bc5
9.Qd2 Nxd4 10.Bxd4 Bxd4 11.Qxd4 Qb6 12.Qxb6 Nxb6 13.Nb5 Ke7 14.Bd3 Bd7 15.Nd4 f6
16.Nf3 Rac8 17.O-O-O Kf7 18.Rde1 Nc4 19.Kb1 Nb6 20.Re2 Rce8 21.Rhe1 Re7 22.Nd4 f5
23.b3 Rc8 24.a4 g6 25.Kc1 a6 26.Re3 Na8 27.h3 Nc7 28.g4 b5 29.axb5 Bxb5 30.Kd2 Bxd3
31.Rxd3 Nb5 32.Ra1 Nxd4 33.Rxd4 Rec7 34.Ra2 Rc3 35.Rd3 R3c6 36.g5 R8c7 37.h4 Kg7
38.Rh3 Kf7 39.h5 Kg7 40.hxg6 hxg6 41.c3 Rc8 42.Ra1 Rh8 43.Rxh8 Kxh8 44.Ra4 Rb6
45.Kc2 Kg7 46.Ra5 Rc6 47.Kd3 Kf7 48.Kd4 Ke7 49.Kd3 Rb6 50.Kc2 Rc6 51.Kb2 Kd7
52.Ra1 Ke7 53.Rh1 Kf8 54.Rh7 Rb6 55.Rc7 Kg8 56.Ka3 Kf8 57.Ka4 a5 58.Rc5 d4
59.cxd4 Rb4+ 60.Kxa5 Rxb3 61.Rc4 Rf3 62.d5 exd5 63.Rd4 Ke7 64.Kb5 Ke6 65.Ra4 Rb3+
66.Rb4 Rc3 67.Rd4 Rf3 68.Kc5 Rc3+ 69.Kb5  1/2-1/2

[Event "WYb16"]
[Site "Kemer TUR"]
[Date "2007.11.26"]
[Round "9"]
[White "Pavlidis,Ana"]
[Black "Thorgeirsson,S"]
[Result "1-0"]
[WhiteElo "2233"]
[BlackElo "2061"]

1.e4 e6 2.d4 d5 3.Nc3 Nf6 4.e5 Nfd7 5.f4 c5 6.Nf3 Nc6 7.Be3 a6 8.Qd2 b5 9.Qf2 Qb6
10.Bd3 cxd4 11.Nxd4 Bc5 12.Nce2 f6 13.Nxc6 Bxe3 14.Qg3 O-O 15.Bxh7+ Kxh7
16.Qh3+ Kg6 17.Qxe6 Kh5 18.Qh3+ Kg6 19.Ne7+ Kf7 20.Nxc8 Raxc8 21.Qxd7+ Kg8
22.Qxd5+ Kh8 23.e6 Rfd8 24.Qh5+ Kg8 25.Qf7+ Kh8 26.e7 Re8 27.Rf1 g5 28.Rf3 g4
29.Qh5+ Kg7 30.Qxg4+ Kf7 31.Rh3 Kxe7 32.Rd1  1-0

[Event "WYg18"]
[Site "Kemer TUR"]
[Date "2007.11.26"]
[Round "9"]
[White "Fuchs,Ju"]
[Black "Nikolova,E"]
[Result "0-1"]
[WhiteElo "2140"]
[BlackElo "2049"]

1.e4 e6 2.d4 d5 3.Nc3 Nf6 4.e5 Nfd7 5.f4 c5 6.Nf3 Nc6 7.Be3 a6 8.Qd2 b5 9.a3 Qb6
10.Ne2 a5 11.g4 cxd4 12.Nexd4 Nxd4 13.Nxd4 b4 14.Nb5 Qb8 15.axb4 Bb7 16.Bg2 Bxb4
17.c3 Be7 18.Nd4 Nc5 19.O-O O-O 20.f5 f6 21.exf6 Bxf6 22.Nxe6 Nxe6 23.fxe6 Qd6
24.Bd4 Bxd4+ 25.Qxd4 Qxe6 26.Rxf8+ Rxf8 27.c4 Qf6 28.Rd1 Qxd4+ 29.Rxd4 Rc8
30.Bxd5+ Bxd5 31.cxd5 Rc1+ 32.Kg2 Rc2+ 33.Kg3 Rxb2 34.d6 Rb8 35.Kf4 Kf7 36.Ke5 Rb5+
37.Rd5 Rxd5+ 38.Kxd5 Ke8 39.Kc6 Kd8 40.Kb5 Kd7 41.Kxa5 Kxd6  0-1

[Event "WYb16"]
[Site "Kemer TUR"]
[Date "2007.11.27"]
[Round "10"]
[White "Poetsch,H"]
[Black "Demidov,M"]
[Result "0-1"]
[WhiteElo "2264"]
[BlackElo "2199"]

1.e4 e6 2.d4 d5 3.Nc3 Nf6 4.e5 Nfd7 5.Nf3 c5 6.dxc5 Nc6 7.Bf4 Nxc5 8.Bd3 Be7
9.Qd2 a6 10.O-O b5 11.Rfe1 Bb7 12.a4 b4 13.Ne2 b3 14.c3 g5 15.Bg3 h5 16.h3 Na5
17.Nfd4 Nc4 18.Bxc4 dxc4 19.Nc1 Ne4 20.Qe3 Qd5 21.Qf3 g4 22.hxg4 hxg4 23.Qxg4 Nxg3
24.Qxg3 O-O-O 25.Nce2 Bh4 26.Qf3 Qxe5 27.Qf4 Qd5 28.Nf3 f6 29.Qd4 Qc6 30.Qe3 Rd3
31.Qf4 Bg5 32.Qg4 Rxf3 33.Qxf3 Qxf3 34.gxf3 Bxf3 35.Ng3 f5 36.Kf1 f4 37.Ne2 Rh2
38.Ng1 Bd5 39.Ke2 Bh4 40.Rf1 Be4 41.Nf3 Bd3+ 42.Ke1 Bxf2+ 43.Rxf2 Rh1+ 44.Kd2 Rxa1
45.Ne5 Rxa4 46.Rxf4 Ra2 47.Nxc4 Bxc4 48.Rxc4+ Kd7 49.Kc1 Ra1+ 50.Kd2 Rb1
51.Ra4 Rxb2+ 52.Kd3 Ra2 53.Rd4+ Ke7 54.Rb4 Ra3 55.Kc4 a5 56.Rb7+ Kf6 57.Kd4 a4
58.c4 Ra1 59.c5 Rd1+ 60.Ke4 a3 61.Rxb3 a2 62.Rf3+ Ke7 63.Ra3 a1=Q 64.Rxa1 Rxa1  0-1

[Event "WYb14"]
[Site "Kemer TUR"]
[Date "2007.11.28"]
[Round "11"]
[White "Aplin,C"]
[Black "Rahimov,R"]
[Result "1/2-1/2"]
[WhiteElo "2032"]
[BlackElo "2120"]

1.e4 e6 2.d4 d5 3.Nc3 Nf6 4.e5 Nfd7 5.f4 c5 6.Nf3 Nc6 7.Be3 a6 8.Qd2 b5 9.Qf2 Qb6
10.Bd3 cxd4 11.Nxd4 Bc5 12.Nce2 b4 13.O-O a5 14.c3 Ba6 15.Bxa6 Rxa6 16.Rac1 Bxd4
17.Bxd4 Nxd4 18.Qxd4 O-O 19.c4 Qxd4+ 20.Nxd4 dxc4 21.Rxc4 Nb6 22.Rc6 Rfa8
23.Rfc1 g6 24.Kf2 Nd5 25.Rxa6 Rxa6 26.Rc8+ Kg7 27.Kf3 a4 28.Nb5 a3 29.b3 Ra5
30.Nd6 g5 31.f5 g4+ 32.Kxg4 Ne3+ 33.Kf4 Nxf5 34.Nxf5+ exf5 35.Kxf5 Rd5 36.Rc2 Rd4
37.g3 Rd1 38.Ke4 Kg6 39.Rf2 h6 40.Ke3 Rd5 41.Ke4 Rd1 42.Re2 Kg5 43.Ke3 Rd5
44.Rd2 Rxe5+ 45.Kd4 f6 46.Kc4 Re4+ 47.Rd4 Re2 48.Kxb4 Rxa2 49.h4+ Kf5 50.Rd5+ Kg4
51.Rd3 f5 52.Ka4 Rg2 53.Kxa3 Rxg3 54.Rxg3+ Kxg3 55.b4 f4 56.b5 f3 57.b6 f2
58.b7 f1=Q 59.b8=Q+ Kxh4 60.Qd8+ Kg3 61.Kb2 Qf4 62.Qd3+ Kg2 63.Qg6+ Qg5 64.Qe4+ Kh2
65.Qe6 h5 66.Kb1 h4 67.Qd6+ Kh1 68.Qe6 Qg2 69.Qf5 h3 70.Ka1 h2 71.Qf4 Kg1
72.Qd4+ Qf2 73.Qg4+ Kf1 74.Qc4+ Kg1 75.Qg4+ Qg2 76.Qd4+ Kh1 77.Qf4 Qg1+ 78.Ka2 Kg2
79.Qg4+ Kf2 80.Qd4+ Ke2 81.Qc4+ Ke3 82.Qc3+ Ke4 83.Qc6+ Ke5 84.Qe8+ Kf4 85.Qf7+ Kg3
86.Qg6+ Kf3  1/2-1/2

[Event "WYb18"]
[Site "Kemer TUR"]
[Date "2007.11.28"]
[Round "11"]
[White "Edouard,R"]
[Black "Nakhapetiane,P"]
[Result "1/2-1/2"]
[WhiteElo "2472"]
[BlackElo "2427"]

1.e4 e6 2.d4 d5 3.Nc3 Nf6 4.e5 Nfd7 5.f4 c5 6.Nf3 Nc6 7.Be3 a6 8.Qd2 b5 9.dxc5 Bxc5
10.Ne2 Qb6 11.Bxc5 Nxc5 12.Ned4 O-O 13.Nxc6 Qxc6 14.Qd4 a5 15.a3 Bd7 16.Bd3 Rfb8
17.O-O b4 18.Rfc1 Rb7 19.Nd2 Qb6 20.Bf1 Be8 21.Nb3 Rc8 22.axb4 Nxb3 23.Qxb6 Rxb6
24.cxb3 Rxc1 25.Rxc1 Rxb4 26.Rc3 Kf8 27.Rf3 Bc6 28.Rc3 Be8 29.Rf3 Ke7 30.Be2 f6
31.exf6+ gxf6 32.f5 e5 33.Rh3 e4 34.Rxh7+ Kd6 35.Ra7 d4 36.Ra6+ Bc6 37.Bc4 e3
38.h4 Rb7 39.Be2 Rb4 40.Bf3 Rxb3 41.Rxc6+ Ke5 42.Rc5+ Kf4 43.Rxa5 Rxb2 44.Rd5 Rd2
45.Kf1 Kg3 46.h5 d3 47.Ke1 e2 48.Kxd2 Kf2 49.Kxd3 e1=Q 50.Kc4 Kg3  1/2-1/2

[Event "Open"]
[Site "Rijeka CRO"]
[Date "2007.11.30"]
[Round "7"]
[White "Hirneise,T"]
[Black "Sebenik,M"]
[Result "0-1"]
[WhiteElo "2287"]
[BlackElo "2480"]

1.e4 e6 2.d4 d5 3.Nc3 Nf6 4.e5 Nfd7 5.f4 c5 6.Nce2 Nc6 7.Nf3 Qa5+ 8.c3 b5
9.dxc5 b4 10.Nfd4 bxc3 11.Nxc6 cxb2+ 12.Nxa5 bxa1=Q 13.Nb3 Qb1 14.Nc3 Qg6
15.Nb5 Rb8 16.c6 Bb4+ 17.Bd2 Bxd2+ 18.Qxd2 Qb1+ 19.Kf2 O-O 20.Nc3 Qg6 21.cxd7 Bxd7
22.Bd3 Qh6 23.Ne2 f6 24.exf6 Qxf6 25.Rf1 e5 26.Kg1 g5 27.Nc3 Qb6+ 28.Kh1 d4
29.f5 dxc3 30.Bc4+ Be6 31.Qxg5+ Kh8 32.fxe6 Rxf1+ 33.Bxf1 Qxe6 34.Bc4 Rf8
35.Nc5 Qd5 36.h4 Qxc5 37.h5 Qxc4 38.Qxe5+ Kg8 39.Qg5+ Kf7 40.Qf5+ Ke7 41.Qe5+ Kd7  0-1

[Event "Parsvnath ch-Commonwealth"]
[Site "New Delhi IND"]
[Date "2007.12.03"]
[Round "1"]
[White "Lim Kian Hwa"]
[Black "Barua,D"]
[Result "0-1"]
[WhiteElo "2062"]
[BlackElo "2491"]

1.e4 e6 2.d4 d5 3.Nc3 Nf6 4.e5 Nfd7 5.f4 c5 6.Nf3 Nc6 7.Ne2 f5 8.c3 Be7 9.h4 cxd4
10.cxd4 Nb6 11.Ng3 h6 12.Ne2 Bd7 13.g3 Rc8 14.Nc3 O-O 15.Bd3 Be8 16.h5 Nc4
17.Bb1 Qa5 18.Kf2 Na3 19.Bd3 Nb4 20.bxa3 Nxd3+ 21.Qxd3 Rxc3 22.Bd2 Rxd3 23.Bxa5 Rxa3
24.Bc7 Rc3 25.Bd6 Rc2+ 26.Ke3 Bb5 27.Rh2 Rfc8 28.Rxc2 Rxc2 29.Ne1 Re2+ 30.Kf3 Bd8
31.Rb1 Ba6 32.Rc1 Bb6 33.Rc8+ Kh7 34.Nc2 Rh2 35.g4 fxg4+ 36.Kxg4 Bd3 37.Ne3 Bxd4
38.Kg3 Rxh5 39.Ng4 Rh1 40.Rc7 Rg1+ 41.Kh4 Bf5 42.Nf6+ Kg6 43.Bf8 Bf2+  0-1

[Event "Open"]
[Site "Ascona SUI"]
[Date "2007.12.04"]
[Round "2"]
[White "Colmenares,A"]
[Black "Libiszewski,F"]
[Result "1-0"]
[WhiteElo "2237"]
[BlackElo "2486"]

1.e4 e6 2.d4 d5 3.Nc3 Nf6 4.e5 Nfd7 5.f4 c5 6.Nf3 Nc6 7.Be3 Be7 8.Qd2 O-O
9.dxc5 Bxc5 10.O-O-O Qa5 11.Bxc5 Nxc5 12.Kb1 a6 13.Qf2 Bd7 14.g3 Rfc8 15.Bg2 Na4
16.Nxa4 Qxa4 17.Rd2 b5 18.Rhd1 Nb4 19.a3 Nc6 20.Nd4 b4 21.Nxc6 Rxc6 22.Rd4 a5
23.f5 Rac8 24.R1d2 exf5 25.Bxd5 R6c7 26.Bb3 Qc6 27.Rd6 Qb7 28.Qxf5 Qh1+ 29.Ka2  1-0

[Event "Open"]
[Site "Granada ESP"]
[Date "2007.12.06"]
[Round "3"]
[White "Perez Mitjans,O"]
[Black "Barsov,A"]
[Result "0-1"]
[WhiteElo "2421"]
[BlackElo "2526"]

1.e4 e6 2.d4 d5 3.Nc3 Nf6 4.e5 Nfd7 5.f4 c5 6.Nf3 Nc6 7.Be3 Be7 8.Qd2 O-O
9.dxc5 Bxc5 10.O-O-O Qa5 11.Kb1 Bb4 12.a3 Bxc3 13.Qxc3 Qxc3 14.bxc3 Nb6 15.Bb5 Bd7
16.c4 Nb8 17.Bxd7 N8xd7 18.cxd5 Nxd5 19.Rd3 Rfc8 20.g3 h6 21.Nd2 Nc3+ 22.Kb2 Na4+
23.Kb1 Ndc5 24.Bxc5 Nxc5 25.Rd4 Rd8 26.Nf3 Rxd4 27.Nxd4 a6 28.c3 Rc8 29.Kc2 g5
30.Rd1 gxf4 31.gxf4 Kh7 32.Ne2 Rg8 33.Ng3 Rg4 34.Rd4 Rh4 35.Nf1 Rh3 36.Rc4 b6
37.Rb4 b5 38.Rd4 Kg6 39.Kb2 Na4+ 40.Kb3 Nxc3 41.f5+ Kg5 42.fxe6 Nd5+ 43.Kb2 fxe6
44.Rd2 Rf3  0-1

[Event "Parsvnath ch-Commonwealth"]
[Site "New Delhi IND"]
[Date "2007.12.07"]
[Round "7"]
[White "Konguvel,P"]
[Black "Smerdon,D"]
[Result "1-0"]
[WhiteElo "2394"]
[BlackElo "2466"]

1.e4 e6 2.d4 d5 3.Nc3 Nf6 4.e5 Nfd7 5.f4 c5 6.Nf3 Nc6 7.Be3 cxd4 8.Nxd4 Bc5
9.Qd2 O-O 10.O-O-O a6 11.Kb1 Qe7 12.Qf2 Bxd4 13.Bxd4 b5 14.Be3 Rd8 15.Ne2 Bb7
16.Nd4 Rac8 17.Bd3 b4 18.Rhf1 Rc7 19.Qg3 Kh8 20.f5 Nxd4 21.f6 Qf8 22.Qh4 g6
23.Bxd4 Bc6 24.Rf3 Bb5 25.Rh3 Qg8 26.Be3 Bxd3 27.cxd3 g5 28.Bxg5 Qg6 29.Rg3 Rc4
30.Bf4 Rxf4 31.Qxf4 Qh5 32.Re1 Nc5 33.Qxb4 Qxh2 34.Rh3 Qxg2 35.Reh1  1-0

[Event "FSIM December"]
[Site "Budapest HUN"]
[Date "2007.12.08"]
[Round "8"]
[White "Horvath,And"]
[Black "Werner,Di"]
[Result "0-1"]
[WhiteElo "2312"]
[BlackElo "2346"]

1.e4 e6 2.d4 d5 3.Nc3 Nf6 4.e5 Nfd7 5.f4 c5 6.Nf3 Nc6 7.Be3 Rb8 8.Qd2 Qa5
9.Be2 b5 10.O-O b4 11.Nd1 Ba6 12.Bxa6 Qxa6 13.f5 cxd4 14.Nxd4 Ncxe5 15.Nf2 Bc5
16.b3 O-O 17.Rae1 Qb6 18.Re2 Rbe8 19.Rd1 a5 20.h3 exf5 21.Nxf5 Qg6 22.Qxd5 Qxf5
23.Bxc5 Nxc5 24.Rde1 Ncd7 25.Nd3 Qe6 26.Qxa5 f6 27.Qxb4 Qa6 28.Nf4 Qxa2 29.Kh1 Qa7
30.c4 Qd4 31.Re4 Qb6 32.Qxb6 Nxb6 33.c5 Nbd7 34.b4 Rb8 35.Rc1 Nc6 36.Rb1 Nce5
37.Rc1 Rfc8 38.Ne6 Kf7 39.Nf4 Ra8 40.Nd5 Ra2 41.c6 Rxc6  0-1

[Event "Parsvnath ch-Commonwealth"]
[Site "New Delhi IND"]
[Date "2007.12.09"]
[Round "9"]
[White "Oliver,S"]
[Black "Anuruddha,G"]
[Result "1-0"]
[WhiteElo "1940"]
[BlackElo "2167"]

1.e4 e6 2.d4 d5 3.Nc3 Nf6 4.e5 Nfd7 5.Nf3 c5 6.dxc5 Nc6 7.Bf4 Bxc5 8.Bd3 Qb6
9.O-O Be7 10.Qe2 a6 11.Rab1 Qc7 12.Bg3 h5 13.Nxd5 exd5 14.e6 Qb6 15.exd7+ Bxd7
16.Bd6 O-O-O 17.Bxe7 Rde8 18.Qd2 Rxe7 19.c3 Bg4 20.Nh4 g6 21.h3 Be6 22.Nf3 Rg8
23.Rfe1 Kb8 24.a3 Rd8 25.Qe3 Qc7 26.Ne5 Na5 27.Nxf7 Rde8 28.Ne5 Bf5 29.f4 Nc4
30.Qd4 Nxe5 31.Rxe5 Rxe5 32.fxe5 Qxe5 33.Qxe5+ Rxe5 34.Bxf5 gxf5 35.Kf2 Kc7
36.Re1 Re4 37.Re3 Kd6 38.Rg3 Ke5 39.Rg7 b5 40.Ra7 Ra4 41.Rh7 h4 42.Rh6 d4
43.cxd4+ Rxd4 44.b4 Rd2+ 45.Kf1 Rd6 46.Rxd6 Kxd6 47.Kf2 Ke6 48.g3 hxg3+ 49.Kxg3 Ke5
50.Kf3 Kd4 51.h4 Kc3 52.h5 Kb3 53.h6 Kxa3 54.h7 Kxb4 55.h8=Q  1-0

[Event "SVDB IM Norm"]
[Site "Eupen BEL"]
[Date "2007.12.15"]
[Round "9"]
[White "Meessen,R"]
[Black "Berelovich,A"]
[Result "0-1"]
[WhiteElo "2303"]
[BlackElo "2595"]

1.e4 e6 2.d4 d5 3.Nc3 Nf6 4.e5 Nfd7 5.f4 c5 6.Nf3 Nc6 7.Be3 cxd4 8.Nxd4 Bc5
9.Qd2 O-O 10.O-O-O a6 11.Nb3 Bb4 12.Bd3 b5 13.g4 Bb7 14.Rhg1 Rc8 15.Rg3 Re8
16.Rh3 Nf8 17.Qf2 Na5 18.Nxa5 Bxa5 19.g5 Bxc3 20.bxc3 g6 21.Bc5 Nd7 22.Bd6 Rc6
23.Rxh7 Kxh7 24.Qh4+ Kg8 25.Qh6 Rxd6 26.Bxg6 Nf8 27.Bxf7+ Kxf7 28.g6+ Kg8
29.exd6 Qf6 30.Rg1 Rd8 31.Rg4 Rxd6  0-1

[Event "It"]
[Site "Podgorica MNE"]
[Date "2007.12.15"]
[Round "7"]
[White "Nestorovic,N"]
[Black "Kosic,D"]
[Result "0-1"]
[WhiteElo "2436"]
[BlackElo "2482"]

1.e4 e6 2.d4 d5 3.Nc3 Nf6 4.e5 Nfd7 5.f4 c5 6.Nf3 Nc6 7.Be3 Be7 8.Qd2 O-O
9.Be2 a6 10.O-O b5 11.a3 Qb6 12.dxc5 Bxc5 13.Bxc5 Nxc5 14.Kh1 Rd8 15.Bd3 b4
16.axb4 Qxb4 17.Qf2 h6 18.Ne2 Rb8 19.Nfd4 Nxd4 20.Nxd4 Bd7 21.Rab1 a5 22.f5 Nxd3
23.cxd3 exf5 24.Nxf5 Bxf5 25.Qxf5 Qe7 26.Ra1 Rxb2 27.Rxa5 Qe6 28.Qxe6 fxe6
29.h3 Rf8 30.Kg1 Rd2 31.Rxf8+ Kxf8 32.Ra8+ Kf7 33.Ra7+ Kg6 34.Re7 Kf5 35.Rxg7 Rxd3
36.Rh7 Kxe5 37.Rxh6 d4 38.g4 Rf3 39.Kg2 Rf8 40.Rh7 Ke4 41.g5 e5 42.h4 Rd8
43.Ra7 d3 44.Ra4+ Ke3 45.g6 Rg8 46.h5 d2 47.Ra1 Ke2 48.Kg3 e4 49.Kf4 e3 50.Rh1 Rf8+
51.Ke4 Re8+ 52.Kd4  0-1

[Event "7th Amplico AIG Life"]
[Site "Warsaw POL"]
[Date "2007.12.15"]
[Round "2"]
[White "Mastrovasilis,D"]
[Black "Skawinski,A"]
[Result "1-0"]
[WhiteElo "2559"]
[BlackElo "2148"]

1.e4 e6 2.d4 d5 3.Nc3 Nf6 4.e5 Ne4 5.Nxe4 dxe4 6.Bc4 c5 7.d5 Nd7 8.dxe6 fxe6
9.Bf4 Nb6 10.Bb5+ Bd7 11.Bxd7+ Qxd7 12.Qxd7+ Nxd7 13.Ne2 g6 14.Nc3 Bg7 15.Nxe4 O-O
16.Be3 Nxe5 17.Ke2 b6 18.Rad1 Rad8 19.b3 h6 20.f3 Kf7 21.h4 Ke7 22.h5 Rxd1
23.Rxd1 g5 24.a4 g4 25.fxg4 Nxg4 26.Nxc5 Nxe3 27.Rd7+ Ke8 28.Rxg7 Nxc2 29.Nxe6 Rf5
30.Kd3 Nb4+ 31.Kc4 Rxh5 32.Kxb4  1-0

[Event "7th Amplico AIG Life"]
[Site "Warsaw POL"]
[Date "2007.12.15"]
[Round "8"]
[White "Narmontas,M"]
[Black "Bokiej,P"]
[Result "1-0"]
[WhiteElo "2367"]
[BlackElo "2063"]

1.e4 e6 2.d4 d5 3.Nc3 Nf6 4.e5 Nfd7 5.f4 c5 6.dxc5 Bxc5 7.Qg4 Kf8 8.Nf3 Nc6
9.a3 h5 10.Qh3 Be7 11.b4 g5 12.Nxg5 Bxg5 13.fxg5 Ndxe5 14.Be2 Nd4 15.O-O Nxe2+
16.Nxe2 Ng4 17.Qf3 f5 18.gxf6 Kf7 19.Nf4 Qd6 20.Bb2 Bd7 21.c4 d4 22.c5 Qc6
23.Bxd4 Qxf3 24.gxf3 Nxf6 25.Nd3 Rhg8+ 26.Kf2 Bb5 27.Ne5+ Ke7 28.Rg1 Rxg1
29.Rxg1 Rg8 30.Rxg8 Nxg8 31.Kg3 Be8 32.Be3 Kf6 33.Nc4 Ne7 34.Bd4+ Kg6 35.Kf4 Nc6
36.Bc3 Bd7 37.b5 Nb8 38.Ne5+ Kh6 39.Nxd7 Nxd7 40.c6 bxc6 41.bxc6 Nb6 42.Bd4  1-0

[Event "Open A"]
[Site "Zadar CRO"]
[Date "2007.12.16"]
[Round "1"]
[White "Zivkovic,Vj"]
[Black "Sedlak,N"]
[Result "1/2-1/2"]
[WhiteElo "2426"]
[BlackElo "2605"]

1.e4 e6 2.d4 d5 3.Nc3 Nf6 4.e5 Nfd7 5.f4 c5 6.Nf3 Nc6 7.Be3 Be7 8.Qd2 O-O
9.Be2 a6 10.O-O b5 11.Kh1 b4 12.Na4 cxd4 13.Nxd4 Bb7 14.Nf3 Na7 15.c4 bxc3
16.Nxc3 Nc6 17.Na4 Na5 18.b3 Nc6 19.Rad1 a5 20.Nd4 Nxd4 21.Bxd4 Bc6 22.f5 Bg5
23.Qd3 Bxa4 24.bxa4 exf5 25.Qxf5 g6 26.Qf3 Qe7 27.Qxd5 Rad8 28.Qd6 Nb8 29.Qxe7 Bxe7
30.Bb5 Rc8 31.Rc1 Bg5 32.Rc5 Be7 33.Rxc8 Rxc8 34.g3 Bb4 35.Kg2 Nc6 36.Rc1 Rd8
37.Rxc6 Rxd4 38.Bc4  1/2-1/2

[Event "37th Rilton Cup"]
[Site "Stockholm SWE"]
[Date "2007.12.30"]
[Round "4"]
[White "Hillarp Persson,T"]
[Black "Berczes,D"]
[Result "1/2-1/2"]
[WhiteElo "2567"]
[BlackElo "2430"]

1.e4 e6 2.d4 d5 3.Nc3 Nf6 4.e5 Nfd7 5.f4 c5 6.Nf3 Nc6 7.Be3 Be7 8.Qd2 O-O
9.Be2 a6 10.O-O b5 11.a3 Qb6 12.dxc5 Bxc5 13.Bxc5 Nxc5 14.Kh1 d4 15.Nd1 Rd8
16.Nf2 Ne7 17.b4 Na4 18.Ne4 Nf5 19.Bd3 Bb7 20.Qf2 Bd5 21.Ng3 Nxg3+ 22.Qxg3 Nb2
23.Ng5 Nxd3 24.cxd3  1/2-1/2